Neoliberalizmus a pracujúci chudobní v kontexte Slovenska a EÚ
Definovanie pracujúcich chudobných. Neoliberalizmus a pracujúci chudobní. Slovensko a pracujúci chudobní. Vybrané fakty o pracujúcich chudobných na Slovensku.
Salvato in:
| Autore principale: | |
|---|---|
| Altri autori: | |
| Natura: | Capitolo di libro |
| Lingua: | slovacco |
| Soggetti: | |
| Tags: |
Nessun Tag, puoi essere il primo ad aggiungerne!!
|
MARC
| LEADER | 00000naa a2200000 4500 | ||
|---|---|---|---|
| 001 | 0135172 | ||
| 005 | 20230113075653.3 | ||
| 041 | 0 | |a slo | |
| 044 | |a SK | ||
| 245 | 1 | 0 | |a Neoliberalizmus a pracujúci chudobní v kontexte Slovenska a EÚ |c Miroslava Kotrasová, Alena Rochovská |
| 520 | |a Definovanie pracujúcich chudobných. Neoliberalizmus a pracujúci chudobní. Slovensko a pracujúci chudobní. Vybrané fakty o pracujúcich chudobných na Slovensku. | ||
| 610 | 2 | 0 | |a Slovensko |
| 610 | 2 | 0 | |a kvalita života |
| 610 | 2 | 0 | |a neoliberalizmus |
| 610 | 2 | 0 | |a Európska únia |
| 610 | 2 | 0 | |a porovnanie medzinárodné |
| 610 | 2 | 0 | |a zamestnanie |
| 610 | 2 | 0 | |a chudoba |
| 100 | 1 | |a Kotrasová, Miroslava | |
| 700 | 1 | |a Rochovská, Alena | |